000 00547nam a2200205Ia 4500
003 0100
008 130303s9999 xx 000 0 und d
040 _cARRUPELIB
050 _aB21.M31961
245 _aMasterpieces of world philosophy in summary form
260 _aNew York
260 _bHarper Harper Brothers
260 _C1961
300 _a1166p
650 _aPHILOSOPHY
650 _bPhilosophy, Modern - 19th century
650 _cPhilosophy, Modern - 20th century
700 _aMagill, Frank N; McGreal, Ian P
942 0 0 _01
999 _c45629
_d45629